Countries that Produce the Most Liquor - Statistics

General Stats
  • This quiz has been taken 26 times
  • The average score is 17 of 20
Answer Stats
Metric Tons Answer % Correct
3,022 k Australia
100%
17,076 k Brazil
100%
55,112 k China
100%
8,981 k France
100%
9,984 k Germany
100%
6,885 k India
100%
7,350 k Italy
100%
9,160 k Russia
100%
4,592 k Japan
96%
12,542 k Mexico
96%
8,299 k Spain
96%
5,141 k United Kingdom
96%
26,598 k United States of America
96%
4,850 k Poland
92%
4,035 k South Korea
88%
3,666 k Argentina
85%
4,293 k South Africa
81%
3,873 k Thailand
73%
2,896 k Tanzania
15%
3,344 k Burkina Faso
4%
No matching quizzes found
Score Distribution
Percent of People with Each Score
Percentile by Number Answered
Your Score History
You have not taken this quiz